Sociology : (Record no. 2548)
[ view plain ]
| 000 -LEADER | |
|---|---|
| fixed length control field | 03419pam a2200481 a 4500 |
| 001 - CONTROL NUMBER | |
| control field | 1492322 |
| 003 - CONTROL NUMBER IDENTIFIER | |
| control field | OSt |
| 005 - DATE AND TIME OF LATEST TRANSACTION | |
| control field | 20180117085943.0 |
| 008 - FIXED-LENGTH DATA ELEMENTS--GENERAL INFORMATION | |
| fixed length control field | 880325s1989 nyu b 001 0 eng |
| 010 ## - LIBRARY OF CONGRESS CONTROL NUMBER | |
| LC control number | 88011764 |
| 020 ## - INTERNATIONAL STANDARD BOOK NUMBER | |
| International Standard Book Number | 0023627417 |
| 040 ## - CATALOGING SOURCE | |
| Original cataloging agency | DLC |
| Transcribing agency | DLC |
| Modifying agency | DLC |
| 050 00 - LIBRARY OF CONGRESS CALL NUMBER | |
| Classification number | HM51 |
| Item number | .K383 1989 |
| 082 00 - DEWEY DECIMAL CLASSIFICATION NUMBER | |
| Classification number | 301 |
| Edition number | 19 |
| 100 1# - MAIN ENTRY--PERSONAL NAME | |
| Personal name | Kerbo, Harold R. |
| 245 10 - TITLE STATEMENT | |
| Title | Sociology : |
| Remainder of title | social structure and social conflict / |
| Statement of responsibility, etc. | Harold R. Kerbo. |
| 260 ## - PUBLICATION, DISTRIBUTION, ETC. | |
| Place of publication, distribution, etc. | New York : |
| Name of publisher, distributor, etc. | Macmillan, |
| Date of publication, distribution, etc. | 1989. |
| 300 ## - PHYSICAL DESCRIPTION | |
| Extent | xvii, 574 p. ; |
| Dimensions | 24 cm. |
| 500 ## - GENERAL NOTE | |
| General note | Includes indexes. |
| 504 ## - BIBLIOGRAPHY, ETC. NOTE | |
| Bibliography, etc. note | Bibliography: p. 535-554. |
| 650 #0 - SUBJECT ADDED ENTRY--TOPICAL TERM | |
| Topical term or geographic name entry element | Sociology. |
| 906 ## - LOCAL DATA ELEMENT F, LDF (RLIN) | |
| a | 7 |
| b | cbc |
| c | orignew |
| d | 1 |
| e | ocip |
| f | 19 |
| g | y-gencatlg |
| 942 ## - ADDED ENTRY ELEMENTS (KOHA) | |
| Source of classification or shelving scheme | |
| Koha item type | Book |
| Withdrawn status | Lost status | Source of classification or shelving scheme | Damaged status | Not for loan | Collection code | Permanent Location | Current Location | Shelving location | Date acquired | Total Checkouts | Full call number | Barcode | Date last seen | Date last checked out | Price effective from | Koha item type | Materials specified (bound volume or other part) | Public note |
|---|---|---|---|---|---|---|---|---|---|---|---|---|---|---|---|---|---|---|
| Central Library (CL) | Central Library (CL) | General Stacks | 01/26/2016 | 1 | 301 KER | S3H-N-8 | 12/06/2019 | 04/30/2018 | 01/26/2016 | Book | ||||||||
| Central Library (CL) | Central Library (CL) | General Stacks | 03/28/2016 | 301 KER | S3H-N-62 | 03/28/2016 | 03/28/2016 | Book | ||||||||||
| Central Library (CL) | Central Library (CL) | General Stacks | 03/31/2016 | 2 | 301 KER | S3H-N-65 | 10/13/2025 | 08/18/2025 | 03/31/2016 | Book | ||||||||
| Central Library (CL) | Central Library (CL) | General Stacks | 05/16/2016 | 301 KER | S3H-N-58 | 05/16/2016 | 05/16/2016 | Book | ||||||||||
| Central Library (CL) | Central Library (CL) | General Stacks | 05/16/2016 | 1 | 301 KER | S3H-N-56 | 08/07/2019 | 07/29/2019 | 05/16/2016 | Book | ||||||||
| Central Library (CL) | Central Library (CL) | General Stacks | 05/16/2016 | 301 KER | S3H-N-54 | 03/10/2023 | 05/16/2016 | Book | ||||||||||
| Central Library (CL) | Central Library (CL) | General Stacks | 05/16/2016 | 301 KER | S3H-N-55 | 05/16/2016 | 05/16/2016 | Book | ||||||||||
| Central Library (CL) | Central Library (CL) | General Stacks | 05/16/2016 | 301 KER | S3H-N-60 | 05/16/2016 | 05/16/2016 | Book | ||||||||||
| Central Library (CL) | Central Library (CL) | General Stacks | 05/16/2016 | 301 KER | S3H-N-66 | 05/16/2016 | 05/16/2016 | Book | ||||||||||
| Central Library (CL) | Central Library (CL) | Central Superior Services | 05/16/2016 | 301 KER | S3H-N-64 | 02/09/2022 | 05/16/2016 | CSS Corner | CSS Corner Book | CSS Corner Book | ||||||||
| Central Library (CL) | Central Library (CL) | General Stacks | 05/16/2016 | 301 KER | S3H-N-59 | 05/16/2016 | 05/16/2016 | Book | ||||||||||
| Central Library (CL) | Central Library (CL) | General Stacks | 05/16/2016 | 301 KER | S3H-N-68 | 05/16/2016 | 05/16/2016 | Book | ||||||||||
| Central Library (CL) | Central Library (CL) | General Stacks | 05/16/2016 | 301 KER | S3H-N-63 | 05/16/2016 | 05/16/2016 | Book | ||||||||||
| Central Library (CL) | Central Library (CL) | General Stacks | 05/16/2016 | 301 KER | S3H-N-57 | 05/16/2016 | 05/16/2016 | Book | ||||||||||
| Central Library (CL) | Central Library (CL) | General Stacks | 05/16/2016 | 301 KER | S3H-N-299 | 06/11/2022 | 05/16/2016 | Book | ||||||||||
| Central Library (CL) | Central Library (CL) | General Stacks | 05/16/2016 | 301 KER | S3H-N-67 | 05/16/2016 | 05/16/2016 | Book | ||||||||||
| Central Library (CL) | Central Library (CL) | General Stacks | 05/16/2016 | 301 KER | S3H-N-61 | 05/16/2016 | 05/16/2016 | Book | ||||||||||
| Central Library (CL) | Central Library (CL) | General Stacks | 05/16/2016 | 301 KER | S3H-N-70 | 05/16/2016 | 05/16/2016 | Book | ||||||||||
| Central Library (CL) | Central Library (CL) | General Stacks | 06/06/2016 | 301 KER | S3H-N-69 | 06/06/2016 | 06/06/2016 | Book |
